T̤ibb-i nafsiyāt-i Pākistān = Pakistan psychiatry at the turn of millennium : naʼī ṣadī ke moṛ par : tārīk̲h̲ va tajziyah (Record no. 330010)
[ view plain ]
| 000 -LEADER | |
|---|---|
| fixed length control field | nam a22 7a 4500 |
| 003 - CONTROL NUMBER IDENTIFIER | |
| control field | NUST |
| 005 - DATE AND TIME OF LATEST TRANSACTION | |
| control field | 20170602132724.0 |
| 008 - FIXED-LENGTH DATA ELEMENTS--GENERAL INFORMATION | |
| fixed length control field | 170602b xxu||||| |||| 00| 0 eng d |
| 040 ## - CATALOGING SOURCE | |
| Transcribing agency | 0 |
| 082 ## - DEWEY DECIMAL CLASSIFICATION NUMBER | |
| Classification number | 155.5491 |
| 100 ## - MAIN ENTRY--PERSONAL NAME | |
| Relator code | Jamil Hussain Syed |
| 245 ## - TITLE STATEMENT | |
| Title | T̤ibb-i nafsiyāt-i Pākistān = Pakistan psychiatry at the turn of millennium : naʼī ṣadī ke moṛ par : tārīk̲h̲ va tajziyah |
| Statement of responsibility, etc. | Jamil Hussain Syed |
| 260 ## - PUBLICATION, DISTRIBUTION, ETC. | |
| Place of publication, distribution, etc. | Lahore |
| Name of publisher, distributor, etc. | Fiction House |
| Date of publication, distribution, etc. | 2014 |
| 300 ## - PHYSICAL DESCRIPTION | |
| Extent | 264p |
| 942 ## - ADDED ENTRY ELEMENTS (KOHA) | |
| Source of classification or shelving scheme | |
| Koha item type | Book |
| Withdrawn status | Lost status | Source of classification or shelving scheme | Damaged status | Not for loan | Collection code | Permanent Location | Current Location | Shelving location | Date acquired | Total Checkouts | Full call number | Barcode | Date last seen | Price effective from | Koha item type |
|---|---|---|---|---|---|---|---|---|---|---|---|---|---|---|---|
| Central Library (CL) | Central Library (CL) | General Stacks | 06/02/2017 | 155.5491 JAM | S3H-D-259 | 06/02/2017 | 06/02/2017 | Book |
